Of war and law / (Record no. 523)

000 -LEADER
fixed length control field 01231cam a22002894a 4500
001 - CONTROL NUMBER
control field 14339602
005 - DATE AND TIME OF LATEST TRANSACTION
control field 20140116120830.0
008 - FIXED-LENGTH DATA ELEMENTS--GENERAL INFORMATION
fixed length control field 060413s2006 nju b 001 0 eng
010 ## - LIBRARY OF CONGRESS CONTROL NUMBER
LC control number 2006012483
020 ## - INTERNATIONAL STANDARD BOOK NUMBER
International Standard Book Number 9780691128641
040 ## - CATALOGING SOURCE
Original cataloging agency DLC
Transcribing agency DLC
Modifying agency DLC
050 00 - LIBRARY OF CONGRESS CALL NUMBER
Classification number KZ6396.K46 2006
100 1# - MAIN ENTRY--PERSONAL NAME
Personal name Kennedy, David
245 10 - TITLE STATEMENT
Title Of war and law /
Statement of responsibility, etc David Kennedy.
260 ## - PUBLICATION, DISTRIBUTION, ETC. (IMPRINT)
Place of publication, distribution, etc Princeton [N.J.] :
Name of publisher, distributor, etc Princeton University Press,
Date of publication, distribution, etc 2006.
300 ## - PHYSICAL DESCRIPTION
Extent xi, 191 p.
504 ## - BIBLIOGRAPHY, ETC. NOTE
Bibliography, etc Includes bibliographical references and index.
505 0# - FORMATTED CONTENTS NOTE
Formatted contents note War as a legal institution -- The historical context : how did we get here? -- War by law.
650 #0 - SUBJECT ADDED ENTRY--TOPICAL TERM
Topical term or geographic name as entry element War (International law)
650 #0 - SUBJECT ADDED ENTRY--TOPICAL TERM
Topical term or geographic name as entry element Just war doctrine.
856 41 - ELECTRONIC LOCATION AND ACCESS
Materials specified Table of contents only
Uniform Resource Identifier <a href="http://www.loc.gov/catdir/toc/ecip0612/2006012483.html">http://www.loc.gov/catdir/toc/ecip0612/2006012483.html</a>
856 42 - ELECTRONIC LOCATION AND ACCESS
Materials specified Publisher description
Uniform Resource Identifier <a href="http://www.loc.gov/catdir/enhancements/fy0654/2006012483-d.html">http://www.loc.gov/catdir/enhancements/fy0654/2006012483-d.html</a>
856 42 - ELECTRONIC LOCATION AND ACCESS
Materials specified Contributor biographical information
Uniform Resource Identifier <a href="http://www.loc.gov/catdir/enhancements/fy0734/2006012483-b.html">http://www.loc.gov/catdir/enhancements/fy0734/2006012483-b.html</a>
906 ## - LOCAL DATA ELEMENT F, LDF (RLIN)
a 7
b cbc
c orignew
d 1
e ecip
f 20
g y-gencatlg
942 ## - ADDED ENTRY ELEMENTS (KOHA)
Source of classification or shelving scheme
Item type Book
Holdings
Withdrawn status Lost status Source of classification or shelving scheme Damaged status Not for loan Home library Current library Date acquired Source of acquisition Total Checkouts Total Renewals Full call number Barcode Date last seen Date last borrowed Copy number Price effective from Koha item type
          Riara University Library Riara University Library 22/10/2011 Purchasing 9 6 KZ6396.K46 2006 389/11 07/12/2017 21/11/2017 C.1 22/10/2011 Book
          Riara University Library Riara University Library 22/10/2011 Purchasing 5   KZ6396.K46 2006 388/11 17/07/2019 08/07/2019 C.2 22/10/2011 Book
          Riara University Library Riara University Library 22/10/2011 Purchasing 1   KZ6396.K46 2006 390/11 28/04/2015 27/04/2015 C.3 22/10/2011 Book

Riara University Library,
P.O. Box 49940-00100,
Nairobi, Kenya.